Central Library OPAC University of Rajshahi

বাঙালির স্বপ্নীল স্বদেশ / (Record no. 78075)

MARC details
000 -LEADER
fixed length control field 00971nam a2200241 a 4500
001 - CONTROL NUMBER
control field 78075
003 - CONTROL NUMBER IDENTIFIER
rucl marc code BD-RjUL
005 - DATE AND TIME OF LATEST TRANSACTION
control field 20211209083103.0
008 - FIXED-LENGTH DATA ELEMENTS--GENERAL INFORMATION
fixed length control field 210315s2021 bg ||||| |||| 00| 0 ben d
020 ## - INTERNATIONAL STANDARD BOOK NUMBER
International Standard Book Number 9789849523611
035 ## - SYSTEM CONTROL NUMBER
System control number (BD-RjUL)78301
040 ## - CATALOGING SOURCE
Original cataloging agency BD-RjUL
Language of cataloging eng
Transcribing agency BD-RjUL
041 ## - LANGUAGE CODE
Language code of text/sound track or separate title ben
082 ## - DEWEY DECIMAL CLASSIFICATION NUMBER
Edition number 23
Classification number 891.441
Author mark and year BAN 2021
245 00 - TITLE STATEMENT
Title বাঙালির স্বপ্নীল স্বদেশ /
Statement of responsibility, etc. মানিক মজুমদার ও সুলতানা সাঈদা বেগম সম্পাদিত
260 ## - PUBLICATION, DISTRIBUTION, ETC. (IMPRINT)
Place of publication, distribution, etc. পাবনা :
Name of publisher, distributor, etc. রুপম প্রকাশনী,
Date of publication, distribution, etc. ২০২১
300 ## - PHYSICAL DESCRIPTION
Pagination ৪৪০ পৃ.:
Illustrations চিত্রসমূহ;
Size ২২ সেমি.
650 ## - SUBJECT ADDED ENTRY--TOPICAL TERM
Topical term or geographic name as entry element বাংলা কবিতা
9 (RLIN) 246063
Topical term or geographic name as entry element Bengali poetry
9 (RLIN) 246064
700 ## - ADDED ENTRY--PERSONAL NAME
Personal name মজুমদার, মানিক
Personal name বেগম, সুলতানা সাঈদা
942 ## - ADDED ENTRY ELEMENTS (KOHA)
Source of classification or shelving scheme Dewey Decimal Classification
Koha item type Books
Holdings
Lost status Source of classification or shelving scheme Damaged status Not for loan Collection code Permanent Location Current Location Shelving location Date acquired Source of acquisition Cost, normal purchase price Total Checkouts Full call number Date last seen Copy number Koha item type
  Dewey Decimal Classification   Not For Loan Non-fiction Central Library, University of Rajshahi Central Library, University of Rajshahi Reading Room 07/03/2021 Author 600.00   B 891.441 BAN 2021 15/03/2021 C-1 Books